00333pab a2200133 454500008004000000100002700040245005300067260000900120300001300129362001200142650002600154650001100180773000800191180718b2004 xxu||||| |||| 00| 0 eng d aDeb Barma, Nanda Kumar aTribal literature: new challenge of 21st century c2004 ap.39-42. aJul-Sep aTribes - 21st century aTribes aTUI